Asamiya prachin lipi (Record no. 2465)

MARC details
000 -LEADER
fixed length control field 00531cam a2200205ua 4500
001 - CONTROL NUMBER
control field 2616
005 - DATE AND TIME OF LATEST TRANSACTION
control field 20260515113533.0
008 - FIXED-LENGTH DATA ELEMENTS--GENERAL INFORMATION
fixed length control field 110829n ii |||gr||||Z||||||asm
040 ## - CATALOGING SOURCE
Transcribing agency MAIN
082 ## - DEWEY DECIMAL CLASSIFICATION NUMBER
Classification number 491.451
100 1# - MAIN ENTRY--PERSONAL NAME
Personal name Kataki, Sarbeswar,
Relator term Author.
245 11 - TITLE STATEMENT
Title Asamiya prachin lipi
Statement of responsibility, etc. by Sarbeswar kataki
250 ## - EDITION STATEMENT
Edition statement 3rd.
260 ## - PUBLICATION, DISTRIBUTION, ETC.
Place of publication, distribution, etc. Dibrugarh:
Name of publisher, distributor, etc. MAINsecretary assam sahitya sabha,
Date of publication, distribution, etc. 2003.
300 ## - PHYSICAL DESCRIPTION
Extent 40p:
Dimensions 23cm.
653 ## - INDEX TERM--UNCONTROLLED
Uncontrolled term Language
653 ## - INDEX TERM--UNCONTROLLED
Uncontrolled term Assamese Language
653 ## - INDEX TERM--UNCONTROLLED
Uncontrolled term Asamiya prachin lipi
942 ## - ADDED ENTRY ELEMENTS (KOHA)
Koha item type Books
Holdings
Withdrawn status Lost status Damaged status Not for loan Home library Current library Shelving location Date acquired Total checkouts Full call number Barcode Date last seen Copy number Price effective from Koha item type
        Naharkatiya College Library Naharkatiya College Library General stacks 09/19/2020   491.451 | KAT 15765 09/19/2020 2 09/19/2020 Books
        Naharkatiya College Library Naharkatiya College Library General stacks 09/19/2020   491.451 | KAT 15766 09/19/2020 1 09/19/2020 Books